Catálogo público

(Record no. 183077)

MARC details
000 -CABECERA
campo de control de longitud fija 00639nam a2200193Ia 4500
001 - NÚMERO DE CONTROL
campo de control IA_3736,13/08/2007,27/04/2012,0000002004 mx A 0000000000spa00,"
008 - DATOS DE LONGITUD FIJA--INFORMACIÓN GENERAL
campo de control de longitud fija 220117so / xx 000 0 und d
010 ## - NÚMERO DE CONTROL DE LA BIBLIOTECA DEL CONGRESO
Número de control de LC 183077
090 ## - LOCALMENTE ASIGNADO TIPO-LC NÚMERO DE CLASIFICACIÓN (OCLC); NÚMERO DE CLASIFICACIÓN LOCAL (RLIN)
Número de clasificación (OCLC) (R) ; Numero de clasificación, CALL (RLIN) (NR) Tesis 858
100 ## - ENTRADA PRINCIPAL--NOMBRE DE PERSONA
Nombre de persona Velasquez Matus
9 (RLIN) 155224
260 ## - PUBLICACIÓN, DISTRIBUCIÓN, ETC.
Lugar de publicación, distribución, etc. Chapingo
Fecha de publicación, distribución, etc. o /
300 ## - DESCRIPCIÓN FÍSICA
Extensión 84 p.
502 ## - NOTA DE TESIS
Nota de tesis Tesis (Ing. Agrónomo Especialista en Ingeniería Agroindustrial) UACh
650 ## - PUNTO DE ACCESO ADICIONAL DE MATERIA--TÉRMINO DE MATERIA
Término de materia o nombre geográfico como elemento de entrada Zarzamora
9 (RLIN) 123730
904 ## - ELEMENTOS DE DATOS D LOCAL, LDD (RLIN)
a o /
942 ## - ELEMENTOS DE PUNTO DE ACCESO ADICIONAL (KOHA)
Tipo de ítem Koha

No items available.